书目信息 |
| 题名: |
电力电子系统建模及控制
|
|
| 作者: | 徐德鸿 编著 | |
| 分册: | ||
| 出版信息: | 北京 机械工业出版社 2006.01 |
|
| 页数: | 239页 | |
| 开本: | 24cm | |
| 丛书名: | ||
| 单 册: | ||
| 中图分类: | TM1 | |
| 科图分类: | ||
| 主题词: | 电力电子学--dian li dian zi xue--系统建模 | |
| 电子资源: | ||
| ISBN: | 7-111-17765-7 | |
| 000 | 00888nam0 2200241 450 | |
| 001 | 012006564172 | |
| 005 | 20060919153241.29 | |
| 010 | @a7-111-17765-7@dCNY22.00 | |
| 100 | @a20060618d2006 km y0chiy0120 ea | |
| 101 | 0 | @achi |
| 102 | @aCN@b110000 | |
| 105 | @aa a 000yy | |
| 200 | 1 | @a电力电子系统建模及控制@Adian li dian zi xi tong jian mo ji kong zhi@f徐德鸿编著@Fxu de hong bian zhu |
| 210 | @a北京@c机械工业出版社@d2006.01 | |
| 215 | @a239页@c图@d24cm | |
| 320 | @a有书目 (第235-239页)。 | |
| 330 | @a本书介绍了电力电子系统的动态模型的建立方法和控制系统的设计方法,包括电力电子系统建模方法、电流峰值控制的稳定性问题及改进稳定性的方法、DC/DC变换器反馈控制设计等内容。 | |
| 333 | @a研究生教学用书 | |
| 606 | 0 | @a电力电子学@Adian li dian zi xue@x系统建模 |
| 690 | @aTM1@v4 | |
| 701 | 0 | @a徐德鸿@Axu de hong@4编著 |
| 801 | 0 | @aCN@bQSSK@c20060919 |
| 905 | @a10447@dTM1@eX692 | |
| 电力电子系统建模及控制/徐德鸿编著.-北京:机械工业出版社,2006.01 |
| 239页:图;24cm |
| 使用对象:研究生教学用书 |
| ISBN 7-111-17765-7:CNY22.00 |
| 本书介绍了电力电子系统的动态模型的建立方法和控制系统的设计方法,包括电力电子系统建模方法、电流峰值控制的稳定性问题及改进稳定性的方法、DC/DC变换器反馈控制设计等内容。 |
| ● |
| 相关链接 |
|
|
|
正题名:电力电子系统建模及控制
索取号:TM1/X692
 
预约/预借
| 序号 | 登录号 | 条形码 | 馆藏地/架位号 | 状态 | 备注 |
| 1 | 589083 | 205890838 | 自科库301/301自科库 7排1列3层/ [索取号:TM1/X692] | 在馆 | |
| 2 | 589084 | 205890847 | 自科库301/301自科库 7排1列3层/ [索取号:TM1/X692] | 在馆 | |
| 3 | 589085 | 205890856 | 自科库301/301自科库 4排4列1层/ [索取号:TM1/X692] | 在馆 |